| 000 | 00349nam a22001457a 4500 | ||
|---|---|---|---|
| 003 | OSt | ||
| 005 | 20241127093004.0 | ||
| 008 | 241127b |||||||| |||| 00| 0 eng d | ||
| 040 | _c | ||
| 050 |
_a530/ASH _bASH |
||
| 082 |
_a530/ASH _bASH |
||
| 245 |
_aSolid State Physics _cAshcroft,Neil W |
||
| 260 |
_bCengage _c1976 |
||
| 942 |
_2ddc _cBK _k530 _mASH _n0 |
||
| 999 |
_c36112 _d36112 |
||